Concepts of space: the history of theories of space in Physics
Сохранить в:
| Главный автор: | |
|---|---|
| Формат: | |
| Язык: | английский |
| Опубликовано: |
Nueva York
Harper and Brothers
1960
|
| Серии: | Harper Torchbooks, 533
|
| Предметы: | |
| Метки: |
Добавить метку
Нет меток, Требуется 1-ая метка записи!
|
MARC
| LEADER | 00000cam a2200000 a 4500 | ||
|---|---|---|---|
| 001 | UCF2481 | ||
| 003 | CL-VaPUC | ||
| 008 | 120824e19600000US |||||||||||||||||eng|d | ||
| 082 | 0 | 4 | |a 530.1 |b JAM |2 21 |
| 100 | |a Jammer, Max |e author |9 564134 | ||
| 245 | 1 | 0 | |a Concepts of space: the history of theories of space in Physics |
| 300 | |a 208 p | ||
| 942 | |c BK | ||
| 945 | |d 20120824 00:00:00 |a dcastane | ||
| 260 | |a Nueva York |b Harper and Brothers |c 1960 | ||
| 650 | 0 | |a Espacio |9 336785 | |
| 650 | 0 | |a Física |9 227844 | |
| 650 | 7 | |a RELATIVIDAD FISICA |2 CL-VaPUC |9 265410 | |
| 583 | |a last modification |c 20120824 12:41:00 |k Rodrigo Vera | ||
| 490 | 0 | |a Harper Torchbooks, 533 | |
| 999 | |c 349042 |d 349040 | ||
| 952 | |0 0 |1 0 |4 0 |6 530_100000000000000_JAM_1960 |7 0 |8 A |9 451420 |a BIBMAT |b BIBMAT |d 2019-11-22 |i 4888782 |o 530.1 JAM 1960 |p 4888782 |r 2025-01-07 |w 2019-11-22 |y BK |k MAT | ||